Fourteen hundred and 91 days in the Confederate Army : a journal kept by W.W. Heartsill.

Bibliographic Details
Main Author: Heartsill, W. W. (William Williston), 1839-1916
Format: Book
Language:English
Published: Pine Bluff, Arkansas : Rare Book Publishers, 1982.
Subjects:

MARC

Tag First Indicator Second Indicator Subfields
LEADER 00000cam a2200000 a 4500
001 in00000014668
005 20190207093347.0
008 830217s19821876aru 00110 eng d
035 |a (OCoLC)09233529 
035 |9 AAA7042AM 
040 |a AVR  |c AVR  |d TXA  |d UtOrBLW 
049 |a TXAS  |c [A08606946] 
050 4 |a E580.6  |b .M84 1982 
090 |a E580.6.M84  |b H42 1982 
100 1 |a Heartsill, W. W.  |q (William Williston),  |d 1839-1916. 
245 1 0 |a Fourteen hundred and 91 days in the Confederate Army :  |b a journal kept by W.W. Heartsill. 
264 1 |a Pine Bluff, Arkansas :  |b Rare Book Publishers,  |c 1982. 
300 |a 26 unnumbered pages, 332 pages, 14 leaves of plates :  |b illustrations, facsimiles ;  |c 22 cm. 
336 |a text  |b txt  |2 rdacontent 
337 |a unmediated  |b n  |2 rdamedia 
338 |a volume  |b nc  |2 rdacarrier 
500 |a The Cushing Library/Chapman Texas Collection copy is part of the Floyd & Louise Chapman Texas & Borderlands Collection.  |5 TXA 
500 |a Reprint of the 1876 edition. 
651 0 |a United States  |x History  |y Civil War, 1861-1865  |x Texas Cavalry  |y Morgan's Battalion, 1861-1865. Co. I.  |x Regimental histories. 
610 2 0 |a Texas Cavalry.  |b Morgan's Battalion, 1861-1865. Co. I. 
651 0 |a United States  |x History  |y Civil War, 1861-1865  |v Personal narratives, Confederate. 
651 0 |a Harrison County (Tex.)  |x History  |y Civil War, 1861-1865. 
999 |a MARS 
999 f f |s c68edcc9-dcde-3c89-9ebd-da56a44a8b97  |i be73e93b-0f7c-3b6b-adad-d73515eb29a8  |t 0 
952 f f |p noncirc  |a Texas A&M University  |b College Station  |c Cushing Memorial Library & Archives  |d Cushing: Chapman Texas Collection (Does not check out)  |t 0  |e E580.6.M84 H42 1982  |h Library of Congress classification  |i unmediated -- volume 
998 f f |a E580.6.M84 H42 1982  |t 0  |l Cushing: Chapman Texas Collection (Does not check out)